MotoGP - Tous les pilotes Honda Racing (2002-2026) - Statistiques

Statistiques générales
  • Ce quiz a été pris 22 fois
  • Le résultat moyen est 48 sur 63
Statistiques - réponses
Année Pilote % Correct
2020 Alex Marquez
100%
2006 Dani Pedrosa
100%
2007 Dani Pedrosa
100%
2008 Dani Pedrosa
100%
2009 Dani Pedrosa
100%
2010 Dani Pedrosa
100%
2011 Dani Pedrosa
100%
2012 Dani Pedrosa
100%
2013 Dani Pedrosa
100%
2014 Dani Pedrosa
100%
2015 Dani Pedrosa
100%
2016 Dani Pedrosa
100%
2017 Dani Pedrosa
100%
2018 Dani Pedrosa
100%
2023 Joan Mir
100%
2024 Joan Mir
100%
2025 Joan Mir
100%
2026 Joan Mir
100%
2024 Luca Marini
100%
2025 Luca Marini
100%
2026 Luca Marini
100%
2013 Marc Marquez
100%
2014 Marc Marquez
100%
2015 Marc Marquez
100%
2016 Marc Marquez
100%
2017 Marc Marquez
100%
2018 Marc Marquez
100%
2019 Marc Marquez
100%
2020 Marc Marquez
100%
2021 Marc Marquez
100%
2022 Marc Marquez
100%
2023 Marc Marquez
100%
2002 Valentino Rossi
95%
2003 Valentino Rossi
95%
2011 Casey Stoner
81%
2012 Casey Stoner
81%
2019 Jorge Lorenzo
76%
2003 Nicky Hayden
71%
2004 Nicky Hayden
71%
2005 Nicky Hayden
71%
2006 Nicky Hayden
71%
2007 Nicky Hayden
71%
2008 Nicky Hayden
71%
2016 Nicky Hayden
71%
2021 Pol Espargaro
71%
2022 Pol Espargaro
71%
2009 Andrea Dovizioso
57%
2010 Andrea Dovizioso
57%
2011 Andrea Dovizioso
57%
2005 Max Biaggi
52%
2019 Stefan Bradl
43%
2020 Stefan Bradl
43%
2021 Stefan Bradl
43%
2022 Stefan Bradl
43%
2023 Stefan Bradl
43%
2002 Tohru Ukawa
29%
2004 Alex Barros
24%
2025 Takaaki Nakagami
19%
2012 Jonathan Rea
14%
2023 Iker Lecuona
10%
2011 Hiroshi Aoyama
0%
2015 Hiroshi Aoyama
0%
2016 Hiroshi Aoyama
0%
Aucun quiz correspondant
Distribution des résultats
% des personnes avec chaque résultat
Percentile par nombre de réponses
Votre historique - résultats
Vous n’avez pas pris ce quiz